00593 2200229 4500001002100000005001500021008004100036020002200077035001900099041000700118082000800125090001400133100001300147245004300160260003200203300003300235500001000268650001500278990002300293990002400316990002300340INLIS00000000000192520241224112436241224||||||||| | ||| |||| || |  a978-979-571-389-0 0010-1224001925 aid0 a503 a503 KAM e0 aKamajaya00aEnsiklopedia Iptek Sains dan Teknologi aBekasi.bGaneca Exactc2007 avi, 42 hlm. : ilus, ; 27 cm. aCet.1 0aIlmu Murni a05.17.01.06.04.002 a05. 17.01.06.01.001 a05.17.01.01.04.001